000 00469nam a2200205Ia 4500
003 0100
008 130303s9999 xx 000 0 und d
040 _cARRUPELIB
050 _aLB41.P768
100 _aCave, Donald
245 _aProblems in education
245 _ba philosophical approach
260 _aVictoria
260 _bCassell Australia
260 _C1976
300 _axiii
300 _b 183p. 25cm.
650 _bCivil rights
942 _2lcc
_05
999 _c67466
_d67466